Countries That Formed By The Division of Yugoslavia Quiz - Statistics

General Stats
  • This quiz has been taken 16 times
  • The average score is 5 of 5
Answer Stats
Country % Correct
Croatia
100%
Serbia And Montenegro
100%
Slovenia
93%
Federation Of Bosnia
87%
Macedonia
87%
No matching quizzes found
Score Distribution
Percent of People with Each Score
Percentile by Number Answered
Your Score History
You have not taken this quiz